000 00721nam a22002417a 4500
001 25513
005 20260428175435.0
008 260427b |||||||| |||| 00| 0 spa d
020 _a9786123113667
082 _a343.4
_bE386
100 _aEto Cruz, Gerardo
_eAUT
245 _aLos derechos que tutela el amparo :
_bun enfoque teórico y aplicativo
250 _aPrimera edición
260 _aLima :
_bGaceta Jurídica,
_c2016
300 _a175 páginas :
_b ;
_c23 cm.
440 _a ;
650 _aCIS
653 _aDerechos de tutela y amparo
654 _aCDE
700 _a;
856 _zVéase además: Biblioteca Digital
_uhttps://itmsp.museknowledge.com/UCSP?groupID=2
942 _cLIB
_dJUS
_fMIP
_n0
_2ddc
999 _c25513
_d25513